English (Record no. 260339)

MARC details
000 -LEADER
fixed length control field 00449nam a2200169Ia 4500
008 - FIXED-LENGTH DATA ELEMENTS--GENERAL INFORMATION
fixed length control field 191130s2003##################000#0#eng##
020 ## - INTERNATIONAL STANDARD BOOK NUMBER
ISBN 9780074690406
082 ## - DEWEY DECIMAL CLASSIFICATION NUMBER
Classification number 808.042 GEO
100 ## - MAIN ENTRY--AUTHOR NAME
Personal name George, Dona Del
245 ## - TITLE STATEMENT
Title English
Statement of responsibility, etc Instructed by Dona Del George
260 ## - PUBLICATION, DISTRIBUTION, ETC. (IMPRINT)
Place of publication New York
Name of publisher McGraw-Hill
Year of publication 2003
300 ## - PHYSICAL DESCRIPTION
Number of Pages 49 p.; 23 cm
991 ## -
-- 442391
Holdings
Withdrawn status Lost status Damaged status Not for loan Home library Current library Date acquired Full call number Accession Number Price effective from Koha item type
        Anna Centenary Library Anna Centenary Library 13.10.2020 808.042 GEO 403499 13.10.2020 English Books

Find us on the map